000 00901nam a2200253Ia 4500
003 OSt
005 20221005111610.0
006 a|||||r|||| 00| 0
007 ta
008 221004b |||||||| |||| 00| 0 hin d
024 _a55095
037 _cTextual
040 _aCRL
_cCRL
_bhin
041 _2hin
_ahin
082 _aV44974:71x, 1595K3
100 _aराजवंशीबाट, शंकरमान, संपा.
245 0 _aपुरातत्त्व - पत्रसंग्रह भाग 3
246 _aPurātattva - patrasangrah bhāg 3
260 _aनेपाल
_bवीरपुस्तकालय
_c1963
300 _a54पृ0
_ccm.
650 _aविश्व-इतिहास
942 _hV44974:71x, 1595K3
_cTEXL
_2cc
999 _c1022303
_d1022303